000 00675nam a22002417a 4500
003 UA-OsUOA
001 72715
007 ta
008 20110126b un ||||| |||| 00| 0 ukr d
100 _aАксенов В.
090 _a821.161.1
_bА42
942 _cBK
040 _aUA-OsUOA
_brus
_cUA-OsUOA
_dUA-OsUOA
245 _aТаинственная страсть
_bроман о шестидесятниках
300 _a592 с.
955 _a3
041 _arus
080 _a821.161.1
020 _a978-5-88149-375-2
260 _aМ.
_bСемь дней
_c2009
650 7 _a82 Література. Літературознавство
_2UDC
999 _c358995
_d358995